00378nam a2200157Ia 4500008004100000020001500041041001200056082001100068100001600079245003900095250000800134260004000142300000800182650001200190700001800202221030s9999 xx 000 0 und d a0071164294 aEnglish a105.23 aJ. D. Kraus 0aElectromagnetics With Applications a5th bMcGraw - Hill Pub.aNew Delhic1999 a617 aPhysics aD. A. Fleisch